Statistiken für Flaggen der Welt mit Gelb

Klicken Sie hier um das Quiz zu spielen!

Allgemein

  • Dieses Quiz wurde 89 mal gespielt
  • Das Durchschnittsergebnis liegt bei 68 aus 84

Antwortstatistiken

Antwort% Korrekt
Argentinien
100%
Belgien
100%
Brasilien
99%
China
99%
Deutschland
99%
Andorra
96%
Bosnien und Herzegowina
96%
Jamaika
96%
Rumänien
95%
Schweden
95%
Bhutan
94%
Spanien
94%
Ecuador
93%
Ghana
93%
Nordmazedonien
93%
Malaysia
92%
Portugal
92%
Ukraine
92%
Vatikanstadt
92%
Angola
91%
Kolumbien
91%
Südafrika
91%
Venezuela
91%
Barbados
89%
Kasachstan
89%
Uruguay
89%
Uganda
88%
Vietnam
88%
Sri Lanka
87%
Demokratische Republik Kongo
86%
Liechtenstein
86%
Moldawien
86%
Senegal
86%
Äthiopien
85%
Kamerun
85%
Litauen
85%
Philippinen
85%
Antigua und Barbuda
84%
Brunei
84%
Republik Kongo
84%
Seychellen
82%
Guinea
81%
Bahamas
80%
Kirgisistan
79%
Papua-Neuguinea
79%
Tschad
79%
Mongolei
78%
Mosambik
78%
Benin
76%
Eritrea
76%
Eswatini
76%
Tansania
76%
Togo
76%
Dominica
75%
Gabun
75%
Myanmar
75%
Simbabwe
75%
Bolivien
74%
Kiribati
74%
Mali
74%
Palau
74%
Ruanda
74%
Burkina Faso
73%
Tadschikistan
73%
Zentralafrikanische Republik
73%
Nauru
72%
St. Lucia
72%
Vanuatu
72%
Guinea-Bissau
71%
Kap Verde
71%
Osttimor
71%
Südsudan
71%
Tuvalu
71%
Grenada
69%
Komoren
69%
Mauretanien
68%
Mauritius
67%
St. Vincent und die Grenadinen
67%
Salomonen
66%
Suriname
66%
Namibia
65%
St.Kitts und Nevis
64%
Guyana
62%
Sao Tomé und Príncipe
60%

Verteilung der Resultate

Perzentil nach korrekt beantworteten Fragen

Anzahl Personen mit jedem Resultat

Ihre Resultats-Entwicklung

Sie haben dieses Quiz noch nicht gespielt